000 00795 a2200229 4500
008 101213t xxu||||| |||| 00| 0 eng d
010 _aENG-88879
020 _c595.00
_a9788120333789
035 _aEN-72412
037 _bDBAD / PUB
082 _a658.40071173
100 _aWhetten, David A.
_924733
245 1 _aDeveloping management skills /
_cby David A.Whetten [and] Kim S. Cameron
250 _a7th ed
260 _aNew Delhi
_bPrentice-Hall of India
_c2008
270 _aM-97, Connaught Circus,
_bNew Delhi
_e110 001
300 _axxi, 724p. :
_c28cm (pbk)
500 _aIncludes index
700 _aCameron, Kim S.
_924734
942 _adpl
_cEN
_k658.40071173 / WHE
_2ddc
999 _c9421
_d9421